000
00234nam a2200097Ia 4500
008
230915s9999 xx 000 0 und d
050
_a
HB 172.5.T83 2003
100
_a
IRVIN B. TUCKER
245
0
_a
MACROECONOMICS FOR TODAY
942
_c
BK
999
_c
74150
_d
74150